000
00307nam a22001337a 4500
008
210505b ||||| |||| 00| 0 eng d
041
_a
eng
080
_a
611.085
082
_a
611.085
100
_a
9
101
_a
HIS
245
_a
Histologji me Embriologji Praktikum
_c
Remzije Belegu
942
_2
udc
_c
BK
999
_c
57079
_d
57079